Right to buy (Record no. 106060)
[ view plain ]
| 000 -LEADER | |
|---|---|
| fixed length control field | 01393cam a22002415a 4500 |
| 001 - CONTROL NUMBER | |
| control field | ##L135433 |
| 008 - FIXED-LENGTH DATA ELEMENTS--GENERAL INFORMATION | |
| fixed length control field | 061026s2006 xxkk f 000 0 eng u |
| 020 ## - INTERNATIONAL STANDARD BOOK NUMBER | |
| International Standard Book Number | 1842193015 |
| -- | 9781842193015 |
| 041 0# - LANGUAGE CODE | |
| Language code of text/sound track or separate title | eng |
| 050 04 - LIBRARY OF CONGRESS CALL NUMBER | |
| Classification number | 333.332 |
| 110 2# - MAIN ENTRY--CORPORATE NAME | |
| Corporate name or jurisdiction name as entry element | Royal Institution of Chartered Surveyors |
| Subordinate unit | Valuation Faculty |
| 9 (RLIN) | 4354 |
| 245 00 - TITLE STATEMENT | |
| Title | Right to buy |
| Remainder of title | valuations for right to buy, right to acquire and equity sharing of social housing |
| -- | RICS code of practice |
| Medium | [archived] |
| 250 ## - EDITION STATEMENT | |
| Edition statement | Replaced by 2009 edition |
| 260 ## - PUBLICATION, DISTRIBUTION, ETC. | |
| Place of publication, distribution, etc. | London, |
| Name of publisher, distributor, etc. | RICS, |
| Date of publication, distribution, etc. | 2006 |
| 300 ## - PHYSICAL DESCRIPTION | |
| Extent | 38p. |
| Dimensions | 30cm. |
| 350 ## - PRICE (NR) (BK AM CF MU VM SE) [OBSOLETE] | |
| Price | 25 |
| 490 #0 - SERIES STATEMENT | |
| Series statement | RICS Code of Practice |
| 520 ## - SUMMARY, ETC. | |
| Summary, etc. | Out of date and archived. First published 2006, revised in 2009. |
| 520 ## - SUMMARY, ETC. | |
| Summary, etc. | RICS Code of Practice applies to all valuations of social homes whether for Right to Buy/Right to Acquire or equity sharing purposes. Because the valuation element cannot be considered in isolation, this Code also deals with the whole process from the receipt of the tenant's application. Developed in response to the College of Estate Management report Valuing For Right To Buy (J126372). Includes information on statutory frameworks; the valuation processes; appeals procedures; communications and monitoring; records; and includes sample forms. |
| 651 #4 - SUBJECT ADDED ENTRY--GEOGRAPHIC NAME | |
| Geographic name | United Kingdom |
| 690 ## - LOCAL SUBJECT ADDED ENTRY--TOPICAL TERM (OCLC, RLIN) | |
| Topical term or geographic name as entry element | PROPERTY-RESIDENTIAL PROPERTY-OWNER-OCCUPIED RESIDENTIAL PROPERTY |
| 942 ## - ADDED ENTRY ELEMENTS (KOHA) | |
| Suppress in OPAC | 0 |
| Source of classification or shelving scheme | Dewey Decimal Classification |
| Withdrawn status | Lost status | Source of classification or shelving scheme | Damaged status | Not for loan | Home library | Current library | Shelving location | Date acquired | Total Checkouts | Full call number | Barcode | Date last seen | Copy number | Price effective from | Koha item type | Date last checked out |
|---|---|---|---|---|---|---|---|---|---|---|---|---|---|---|---|---|
| Dewey Decimal Classification | London | London | RICS Boxes | 23/08/2007 | RICS 2006/37 | 30073428 | 06/08/2019 | 1 | 06/08/2019 | Archive | ||||||
| Dewey Decimal Classification | London | London | RICS Boxes | 23/08/2007 | RICS 2006/37 | 30073429 | 06/08/2019 | 2 | 06/08/2019 | Reference material | ||||||
| Dewey Decimal Classification | London | London | RICS Boxes | 23/08/2007 | 1 | RICS 2006/37 | 30073430 | 06/08/2019 | 3 | 06/08/2019 | Book | 14/01/2009 |